000 00470nam a22001577a 4500
003 OSt
005 20250822040431.0
008 250822b |||||||| |||| 00| 0 eng d
020 _a0-89586-503-3.
040 _aDWC-Main Lib.
_cOC
100 _aPASSMORE, JACKI
245 _aThe book of ice creams and sorbets/
_cPASSMORE, JACKI
260 _aNew York :
_bHP Books,
_cc1986.
300 _a128 pages :
_bcolor illustrations ;
_c28cm.
942 _2ddc
_cBK-CIRC
_hCirc.
_n0
999 _c4175
_d4175